|
|
|
|
| LEADER |
01731cam a2200481 i 4500 |
| 001 |
nkc20223474863 |
| 003 |
CZ PrNK |
| 005 |
20230621105954.0 |
| 007 |
ta |
| 008 |
221111s2022 xr ac e 000 0ccze d |
| 015 |
|
|
|a cnb003474863
|
| 020 |
|
|
|a 978-80-88436-03-4
|q (vázáno) :
|c Kč 399.00
|
| 040 |
|
|
|a KLG001
|b cze
|d BOA001
|e rda
|
| 045 |
|
|
|a x-y-
|
| 072 |
|
7 |
|a 796
|x Sport. Hry. Tělesná cvičení
|2 Konspekt
|9 20
|
| 072 |
|
7 |
|a 929
|x Biografie
|2 Konspekt
|9 8
|
| 080 |
|
|
|a 796.342.071.2
|2 MRF
|
| 080 |
|
|
|a 796.342.093
|2 MRF
|
| 080 |
|
|
|a 796.093.1
|2 MRF
|
| 080 |
|
|
|a 929
|2 MRF
|
| 080 |
|
|
|a (0:82-94)
|2 MRF
|
| 080 |
|
|
|a (047.53)
|2 MRF
|
| 100 |
1 |
|
|a Žofka, Zdeněk,
|d 1957-
|7 xx0151730
|4 aut
|
| 245 |
1 |
0 |
|a Králové tenisových grandslamů :
|b neuvěřitelný triumvirát /
|c Zdeněk Žofka ve spolupráci s Ivanem Lendlem
|
| 250 |
|
|
|a 1. vydání
|
| 264 |
|
1 |
|a Praha :
|b Autreo,
|c 2022
|
| 300 |
|
|
|a 167 stran :
|b ilustrace (převážně barevné), portréty ;
|c 25 cm
|
| 336 |
|
|
|a text
|b txt
|2 rdacontent
|
| 337 |
|
|
|a bez média
|b n
|2 rdamedia
|
| 338 |
|
|
|a svazek
|b nc
|2 rdacarrier
|
| 648 |
|
7 |
|a 20.-21. století
|7 ch462155
|2 czenas
|
| 650 |
0 |
7 |
|a tenisté
|7 ph126534
|y 20.-21. století
|2 czenas
|
| 650 |
0 |
7 |
|a tenisové turnaje
|7 ph545359
|y 20.-21. století
|2 czenas
|
| 650 |
0 |
7 |
|a mezinárodní sportovní soutěže
|7 ph118023
|y 20.-21. století
|2 czenas
|
| 655 |
|
7 |
|a medailony
|7 fd185951
|2 czenas
|
| 655 |
|
7 |
|a rozhovory
|7 fd133303
|2 czenas
|
| 700 |
1 |
|
|a Lendl, Ivan,
|d 1960-
|7 jn20000401623
|4 ctb
|
| 910 |
2 |
|
|a BOA001
|b 2-1509.489
|
| 920 |
|
|
|a 1406379
|z KLG001
|
| 990 |
|
|
|a BK
|
| 995 |
|
|
|a 60
|
| 991 |
|
|
|b 202306
|c NOV
|
| 996 |
6 |
|
|b 2610941856
|c 2-1509.489
|l MZK
|r Sklad / do 1 hodiny
|n 0
|p p.v.
|w 001929562
|u 000010
|a 1
|e BOA001
|j MZK50
|s P
|